000 00280nam a2200097Ia 4500
001 691334
005 20250826161833.0
008 250824s9999 xx 000 0 und d
245 0 _aPSİKANALİTİK KİŞİLİK ÇALIŞMALARI
_cMENEKŞE ARIK
260 _bTÜRKİYE İŞ BANKASI YAYINLARI
999 _c691334
_d691334